Police accountability in Kenya: a look at the national Police Service (Record no. 4097)

000 -LEADER
fixed length control field 00411nam a22001457a 4500
003 - CONTROL NUMBER IDENTIFIER
control field OSt
005 - DATE AND TIME OF LATEST TRANSACTION
control field 20190417151138.0
008 - FIXED-LENGTH DATA ELEMENTS--GENERAL INFORMATION
fixed length control field 190417b xxu||||| |||| 00| 0 eng d
050 ## - LIBRARY OF CONGRESS CALL NUMBER
Classification number HV7936.R35 2019
100 ## - MAIN ENTRY--PERSONAL NAME
Personal name Rajab, H. Suleiman
245 ## - TITLE STATEMENT
Title Police accountability in Kenya: a look at the national Police Service
Statement of responsibility, etc Suleiman Hakim Rajab
260 ## - PUBLICATION, DISTRIBUTION, ETC. (IMPRINT)
Place of publication, distribution, etc Nairobi
Date of publication, distribution, etc 2019
300 ## - PHYSICAL DESCRIPTION
Extent v, 51 p:
942 ## - ADDED ENTRY ELEMENTS (KOHA)
Source of classification or shelving scheme
Koha item type Research Project
Holdings
Withdrawn status Lost status Source of classification or shelving scheme Damaged status Not for loan Home library Current library Shelving location Date acquired Total Checkouts Full call number Barcode Date last seen Price effective from Koha item type
          Riara University Library Riara University Library Special Collection 17/04/2019   RUSC HV7936.R35 2019 10121/19 17/04/2019 17/04/2019 Research Project

Riara University Library,
P.O. Box 49940-00100,
Nairobi, Kenya.